| 000 | 00608nam a2200181 a 4500 | ||
|---|---|---|---|
| 005 | 20140310183354.0 | ||
| 008 | 121023s19uu xx 00 eng d | ||
| 020 | _a9780749447960 | ||
| 050 |
_aQA 43 _b.Sm654 2008 |
||
| 100 | _aSmith, Heidi | ||
| 245 |
_aHow to pass numerical reasoning tests : _ba step by step guide to learning key numeracy skills - Intermediate level / _cHeidi Smith. |
||
| 250 | _aRevised ed. | ||
| 260 |
_aLondon, UK : _bKogan Page, _c2008. |
||
| 300 |
_a225 p. : _bill. ; _c23 cm. |
||
| 650 |
_aMathematics _xExaminations, questions, etc. |
||
| 942 |
_cBK _2lcc _kFOR |
||
| 999 |
_c22171 _d22171 |
||